Corvinus University, Human Geography - Map Quiz - Statistics

General Stats
  • This quiz has been taken 697 times
  • The average score is 42 of 60
Answers on the Map
Answers color-coded by a green-red scale on the quiz's map according to % correct below.
 
Answer Stats
Answer % Correct
New York, United States of America
83%
Sydney, Australia
81%
Casablanca, Morocco
80%
Tokyo, Japan
79%
Cairo, Egypt
78%
Ho Chi Minh City, Vietnam
77%
Dar es Salaam, Tanzania
76%
Pyongyang, Korea (North)
76%
Santiago, Chile
76%
Sao Paulo, Brazil
76%
Tashkent, Uzbekistan
76%
Toronto, Canada
76%
Algiers, Algeria
75%
Jakarta, Indonesia
75%
Lahore, Pakistan
75%
Riyadh, Saudi Arabia
75%
Santo Domingo, Dominican Republic
75%
Yangon, Myanmar
75%
Buenos Aires, Argentina
73%
Mexico City, Mexico
73%
Mumbai, India
73%
Rio de Janeiro, Brazil
73%
Xi'an, China
73%
Ankara, Turkey
72%
Delhi, India
72%
Seoul, Korea (South)
72%
Addis Ababa, Ethiopia
71%
Chongqing, China
71%
Guayaquil, Ecuador
71%
Tehran, Iran
71%
Baghdad, Iraq
70%
Beijing, China
70%
Cape Town, South Africa
70%
Havana, Cuba
70%
Maracaibo, Venezuela
70%
Nairobi, Kenya
70%
Sanaa, Yemen
70%
Shanghai, China
70%
Lima, Peru
69%
Omdurman, Sudan
69%
Taipei, Taiwan
69%
Bangalore, India
68%
Beirut, Lebanon
68%
Singapore, Singapore
68%
Bangkok, Thailand
67%
Dhaka, Bangladesh
67%
Kabul, Afghanistan
67%
Karachi, Pakistan
67%
Manila, Philippines
67%
Ibadan, Nigeria
66%
Bogota, Colombia
64%
Dakar, Senegal
64%
Kinshasa, Congo (Dem. Rep.)
63%
Luanda, Angola
63%
Conakry, Guinea
62%
Lagos, Nigeria
62%
Abidjan, Ivory Coast
60%
Kolkata, India
60%
Accra, Ghana
57%
Douala, Cameroon
54%
No matching quizzes found
Score Distribution
Percent of People with Each Score
Percentile by Number Answered
Your Score History
You have not taken this quiz